Saturday (Record no. 227441)
[ view plain ]
| 000 -LEADER | |
|---|---|
| fixed length control field | 01505nam a22002177a 4500 |
| 005 - DATE AND TIME OF LATEST TRANSACTION | |
| control field | 20260129145213.0 |
| 008 - FIXED-LENGTH DATA ELEMENTS--GENERAL INFORMATION | |
| fixed length control field | 230607b ||||| |||| 00| 0 eng d |
| 020 ## - INTERNATIONAL STANDARD BOOK NUMBER | |
| Qualifying information | 9780099469681 |
| 040 ## - CATALOGING SOURCE | |
| Transcribing agency | AL |
| 041 ## - LANGUAGE CODE | |
| Language code of text/sound track or separate title | eng |
| 082 ## - DEWEY DECIMAL CLASSIFICATION NUMBER | |
| Edition number | 23 |
| Classification number | 823.914 |
| Item number | MCES |
| 100 ## - MAIN ENTRY--PERSONAL NAME | |
| Personal name | Ian McEwan |
| 100 ## - MAIN ENTRY--PERSONAL NAME | |
| 9 (RLIN) | 253157 |
| 245 ## - TITLE STATEMENT | |
| Title | Saturday |
| 260 ## - PUBLICATION, DISTRIBUTION, ETC. | |
| Place of publication, distribution, etc. | London |
| Name of publisher, distributor, etc. | Vintage Books |
| Date of publication, distribution, etc. | 2005 |
| 300 ## - PHYSICAL DESCRIPTION | |
| Extent | xii,279p. |
| Other physical details | PB |
| Dimensions | 19x13cm. |
| 365 ## - TRADE PRICE | |
| Source of price type code | English |
| Price amount | 820.00 |
| Currency code | ₹ |
| Unit of pricing | 820.00 |
| 520 ## - SUMMARY, ETC. | |
| Summary, etc. | Saturday, February 15, 2003. Henry Perowne is a contented man - a successful neurosurgeon, the devoted husband of Rosalind, and proud father of two grown-up children. Unusually, he wakes before dawn, drawn to the window of his bedroom and filled with a growing unease. As he looks out at the night sky, he is troubled by the state of the world - the impending war against Iraq, a gathering pessimism since 9/11, and a fear that his city and his happy family life are under threat.<br/>Later, as Perowne makes his way through London streets filled with hundreds of thousands of anti-war protestors, a minor car accident brings him into a confrontation with Baxter, a fidgety, aggressive young man, on the edge of violence. To Perowne's professional eye, there appears to be something profoundly wrong with him. But it is not until Baxter makes a sudden appearance as the Perowne family gathers for a reunion, that Henry's fears seem about to be realised. |
| 650 ## - SUBJECT ADDED ENTRY--TOPICAL TERM | |
| Topical term or geographic name entry element | English Fiction |
| 9 (RLIN) | 121734 |
| 650 ## - SUBJECT ADDED ENTRY--TOPICAL TERM | |
| Topical term or geographic name entry element | English Literature |
| 9 (RLIN) | 121735 |
| 942 ## - ADDED ENTRY ELEMENTS (KOHA) | |
| Source of classification or shelving scheme | Dewey Decimal Classification |
| Koha item type | Donated Books |
| Withdrawn status | Lost status | Source of classification or shelving scheme | Damaged status | Not for loan | Collection code | Home library | Current library | Date acquired | Total Checkouts | Full call number | Barcode | Date last seen | Cost, replacement price | Price effective from | Koha item type | Public note |
|---|---|---|---|---|---|---|---|---|---|---|---|---|---|---|---|---|
| Dewey Decimal Classification | English | St Aloysius Library | St Aloysius Library | 06/01/2023 | 823.914 MCES | D04941 | 06/07/2023 | 820.00 | 06/07/2023 | Donated Books | Donated by Thilak Desingh Used Book Factory |